|
|
|
|
| LEADER |
00000cam a2200000 i 4500 |
| 001 |
1/24380 |
| 008 |
011129s2001 gre d |
| 020 |
|
|
|a 960-232-756-1
|
| 035 |
|
|
|l 10067857
|
| 040 |
|
|
|a GR-MY-UA
|b gre
|e aacr
|
| 041 |
0 |
|
|a gre
|
| 082 |
0 |
|
|a 342.495
|
| 100 |
1 |
|
|a Βαρβιτσιώτης, Ιωάννης Μ.
|
| 245 |
1 |
2 |
|a Η Ελλάδα μπροστά στο 2000 :
|b ένα νέο συνταγματικό πλαίσιο /
|c Ι. Μ. βαρβιτσιώτης
|
| 260 |
|
|
|a ΑΘήνα :
|b Σάκκουλα,
|c 1998
|
| 300 |
|
|
|a 315 σ.;
|c 22 εκ.
|
| 650 |
0 |
0 |
|a Constitutional law
|z Greece.
|
| 852 |
|
|
|a INST
|b LESVOS
|e 20011129
|h 342.495 ΒΑΡ
|p 005100028552
|q 005100028552
|t BK
|y 0
|
| 901 |
|
|
|a BIBL1-2001-3
|
| 909 |
|
|
|a Λ
|b 099476
|
| 970 |
|
|
|a ΜΟΥΣΤΑΚΑ
|b ΠΗΝΕΛΟΠΗ
|z 2001/11/29
|